| 000 | 00525nam a2200181Ia 4500 | ||
|---|---|---|---|
| 999 |
_c3776 _d3776 |
||
| 003 | OSt | ||
| 005 | 20200813121906.0 | ||
| 008 | 190216s9999||||xx |||||||||||||| ||und|| | ||
| 020 | _a9788181287342 | ||
| 040 | _coclc | ||
| 082 |
_a547.1226 _bDOD/I |
||
| 100 |
_aDodziuk, Helena _94104 |
||
| 245 | 0 |
_aIntroduction To Supramolecular Chemistry / _cHelena Dodziuk |
|
| 260 |
_bSpringer, _c2007. _aNew Delhi: |
||
| 300 | _a350p | ||
| 650 | _aChemistry | ||
| 942 |
_cBK _2ddc _h547.1226 _iDOD/I _k547.1226 _mDOD/I |
||